000 00783nam a22001817a 4500
005 20260415115431.0
008 240814b ||||| |||| 00| 0 eng d
082 _22023
_aUT
100 _aAllion, Bernadette A.
_957517
245 _aService on the go :
_ban all-around service finder web and mobile application for digos city vendors and store locator using map box javascript api /
_cBernadette A. Allion, Jephunneh I. Arobo, and Jay Ian Ontolan
260 _aDigos City :
_bUMDC,
_c©May 2023.
300 _aix,54 pages :
_c30 Cm.
_billustrations (some colors) ;
500 _aIncludes references and appendices.
650 _aInformation Technology.
_xUndergraduate Thesis.
_957518
700 _aArobo, Jephunneh I.
_957519
700 _aOntolan, Jay Ian.
_957520
942 _2ddc
_cUT
999 _c20383
_d20383